| 000 | 01025cam a22002891i 4500 | ||
|---|---|---|---|
| 001 | 8744961 | ||
| 003 | EG-ScBUE | ||
| 005 | 20240321120844.0 | ||
| 008 | 741016s1929 nyuc f 000 0 eng d | ||
| 035 | _a(OCoLC)1042155 | ||
| 040 |
_aDLC _beng _erda _cTxU-Da _dOCoLC _dDLC _dEG-ScBUE |
||
| 041 | 1 |
_aeng _hger |
|
| 082 | 0 | 4 |
_222 _a940.288 _bLUD |
| 100 | 1 |
_aLudwig, Emil, _d1881-1948, _eauthor. _910452 |
|
| 245 | 1 | 0 |
_aJuly 14 / _cBy Emil Ludwig ; translated from the German by C. A. Macartney. |
| 264 | 1 |
_aNew York ; _aLondon : _bG. P. Putnam's Sons, _c1929. |
|
| 300 |
_a378 pages : _bportraits ; _c23 cm |
||
| 336 |
_2rdacontent _atext _btxt |
||
| 337 |
_aunmediated _2rdamedia _bn |
||
| 338 |
_avolume _bnc _2rdacarrier |
||
| 546 | _aText in English ; translated from the original Germany. | ||
| 650 | 7 |
_aWorld War, 1914-1918 _xCauses. _2BUEsh _910453 |
|
| 655 | _vReading book | ||
| 700 | 1 |
_aMacartney, C. A. _q(Carlile Aylmer), _d1895-1978, _etranslator. _910454 |
|
| 942 |
_2ddc _cBB |
||
| 999 |
_c13157 _d13157 |
||